000 00644nam a22002297a 4500
003 BUBTL
008 210923b ||||| |||| 00| 0 eng d
020 _a984-70215-0023-9
041 _aEnglish
082 _a344.015492 / A52t / 2012
100 _aAhmed, Zulfiquar
_94555
245 _aA Textbook of The Bangladesh Labour Act 2006 :
_cDr. Zulfiquar Ahmed
250 _b4th
260 _aDhaka
_bShams Publications
_cc2012
300 _a530 p . :
_cill. ; 22 cm.
526 _aLaw
650 0 _926
_aLaw
700 _aDr. Zulfiquar Ahmed
_95626
856 _k0
_l0
_yDownload
942 _2ddc
_cBK
999 _c6535
_d6535